[Event "VIII Open Primavera Vomero"]
[Site "Napoli ITA"]
[Date "2011.04.08"]
[Round "5"]
[White "Chiummo, Sergio"]
[Black "Esposito, Pino"]
[Result "0-1"]
[WhiteElo "1937"]
[BlackElo "1859"]
[PlyCount "86"]
[EventDate "2011.03.11"]

1. Nf3 Nf6 2. g3 g6 3. Bg2 Bg7 4. O-O d5 5. d3 c6 6. Nbd2 Nbd7 7. e4 e5 8. Re1
d4 9. Nc4 Qc7 10. c3 b5 11. Na3 dxc3 12. bxc3 Qa5 13. c4 b4 14. Nc2 c5 15. Bd2
Qc7 16. Ne3 Qd6 17. Qc2 Rb8 18. Nd5 Nb6 19. Nxe5 Ng4 20. Nxb6 axb6 21. Nxg4
Bxg4 22. Bf4 Be5 23. Bxe5 Qxe5 24. Qd2 g5 25. f4 gxf4 26. Qxf4 Qxf4 27. gxf4
Rg8 28. Kf2 Rd8 29. Re3 Rg6 30. h3 Bd7 31. Rd1 Rd6 32. e5 Rd4 33. Be4 Be6 34.
Rg1 Kf8 35. f5 Rxe4 36. dxe4 Bxc4 37. f6 Rd2+ 38. Ke1 Rxa2 39. Rg7 b3 40. Rxh7
Ke8 41. Rh8+ Kd7 42. Rb8 Kc6 43. Re8 b2 0-1

[Event "VIII Open Primavera Vomero"]
[Site "Napoli ITA"]
[Date "2011.04.05"]
[Round "5"]
[White "Di Gennaro, Antonio"]
[Black "Franzese, Luigi"]
[Result "0-1"]
[WhiteElo "1659"]
[BlackElo "1890"]
[PlyCount "70"]
[EventDate "2011.03.11"]

1. e4 c6 2. d4 d5 3. Nc3 dxe4 4. Nxe4 Bf5 5. Ng3 Bg6 6. Nf3 Nf6 7. Ne5 Nbd7 8.
Nxg6 hxg6 9. Be2 e6 10. O-O Qc7 11. c4 Ne4 12. Qd3 Ndf6 13. f4 Nxg3 14. hxg3
O-O-O 15. Bd2 Bc5 16. Bc3 Qb6 17. Rad1 Bxd4+ 18. Bxd4 c5 19. Qb3 Qxb3 20. axb3
Rxd4 21. Rxd4 cxd4 22. Bf3 Kc7 23. Rd1 Rd8 24. Rd3 Ng8 25. Kf2 Ne7 26. g4 f6
27. g3 e5 28. fxe5 fxe5 29. Be4 Rf8+ 30. Kg2 g5 31. Kg1 a5 32. b4 axb4 33. Rb3
Nc6 34. Bxc6 bxc6 35. Rd3 c5 0-1

[Event "VIII Open Primavera Vomero"]
[Site "Napoli ITA"]
[Date "2011.04.08"]
[Round "5"]
[White "Di Meo, Antonio"]
[Black "Improta, Giovanni"]
[Result "1-0"]
[WhiteElo "1972"]
[BlackElo "1859"]
[PlyCount "48"]
[EventDate "2011.03.11"]

1. b3 d5 2. Bb2 c5 3. e3 Nc6 4. f4 Bf5 5. Nf3 Nb4 6. Bb5+ Bd7 7. Bxd7+ Qxd7 8.
Ne5 Qf5 9. d3 f6 10. Nf3 O-O-O 11. O-O Nh6 12. a3 Nc6 13. Nbd2 Ng4 14. Qe2 h5
15. Rfb1 e5 16. Nh4 Qh7 17. f5 Qh6 18. Nf1 Qg5 19. Qe1 Bd6 20. e4 dxe4 21. Bc1
e3 22. Nxe3 Nxe3 23. Bxe3 Qg4 24. h3 Nd4 1-0

[Event "VIII Open Primavera Vomero"]
[Site "Napoli ITA"]
[Date "2011.04.08"]
[Round "5"]
[White "Esposito, Rosario"]
[Black "Cosenza, Gianni"]
[Result "1/2-1/2"]
[WhiteElo "1833"]
[BlackElo "1959"]
[PlyCount "68"]
[EventDate "2011.03.11"]

1. d4 d5 2. c4 c6 3. Nf3 Nf6 4. Nc3 e6 5. Bg5 dxc4 6. e4 b5 7. e5 h6 8. Bh4 g5
9. Nxg5 hxg5 10. Bxg5 Nbd7 11. exf6 Qb6 12. g3 Bb7 13. Bg2 O-O-O 14. O-O c5 15.
d5 b4 16. Ne2 Ne5 17. Nf4 exd5 18. Qe2 Nd3 19. Nxd3 cxd3 20. Qxd3 Kb8 21. Rfe1
c4 22. Qc2 Bc5 23. Rad1 Qa6 24. Re7 Bxe7 25. fxe7 Rde8 26. Bxd5 Bxd5 27. Rxd5
Qc6 28. Qd1 c3 29. bxc3 bxc3 30. Rd8+ Kb7 31. Qb3+ Ka6 32. Qa3+ Kb7 33. Qb4+
Qb6 34. Qxc3 Qb1+ 1/2-1/2

[Event "VIII Open Primavera Vomero"]
[Site "Napoli ITA"]
[Date "2011.04.05"]
[Round "5"]
[White "Lombardo, Claudio"]
[Black "De Meo, Guido"]
[Result "1-0"]
[WhiteElo "1772"]
[BlackElo "1851"]
[PlyCount "55"]
[EventDate "2011.03.11"]

1. d4 d5 2. Nf3 Nd7 3. e3 Ngf6 4. c4 c6 5. Nc3 g6 6. Bd3 Bg7 7. O-O O-O 8. Qc2
Re8 9. e4 dxe4 10. Nxe4 Nxe4 11. Bxe4 Nf6 12. Bd3 Ng4 13. h3 Nh6 14. Be3 Nf5
15. Bxf5 Bxf5 16. Qd2 Qc7 17. Bf4 Qb6 18. Bg5 f6 19. Bf4 Rad8 20. Be3 Qc7 21.
Qb4 Bf8 22. Qc3 Bg7 23. Qb4 a5 24. Qb3 Be6 25. d5 cxd5 26. Bb6 Qb8 27. Bxd8
dxc4 28. Qe3 1-0

[Event "VIII Open Primavera Vomero"]
[Site "Napoli ITA"]
[Date "2011.04.08"]
[Round "5"]
[White "Lombardo, Michele"]
[Black "Supino, Domenico"]
[Result "1-0"]
[WhiteElo "2030"]
[BlackElo "2109"]
[PlyCount "67"]
[EventDate "2011.03.11"]

1. g3 d5 2. Bg2 Nf6 3. b3 e5 4. Bb2 Bd6 5. e3 O-O 6. Ne2 Re8 7. O-O Bg4 8. Ba3
c6 9. Bxd6 Qxd6 10. d3 Nbd7 11. h3 Bxe2 12. Qxe2 Nc5 13. Nd2 Rad8 14. Nf3 Ne6
15. Rad1 Nf8 16. d4 e4 17. Nd2 Ne6 18. c4 b6 19. Nb1 Qd7 20. Nc3 Nc7 21. Rfe1
Re7 22. Bf1 Qf5 23. b4 Ne6 24. Bg2 Ng5 25. g4 Qd7 26. h4 Nf3+ 27. Bxf3 exf3 28.
Qxf3 Nxg4 29. b5 Re6 30. bxc6 Qc7 31. Nxd5 Qh2+ 32. Kf1 Qxh4 33. Ke2 h6 34. Rg1
1-0

[Event "VIII Open Primavera Vomero"]
[Site "Napoli ITA"]
[Date "2011.04.08"]
[Round "5"]
[White "Petteruti, Antonio"]
[Black "Marturano, Giampiero"]
[Result "0-1"]
[WhiteElo "1485"]
[BlackElo "2068"]
[PlyCount "66"]
[EventDate "2011.03.11"]

1. d4 e6 2. Nf3 c5 3. c3 d5 4. Bf4 Nc6 5. e3 Nf6 6. Be2 Nh5 7. Bg5 f6 8. Bh4 g6
9. Nbd2 Ng7 10. O-O cxd4 11. cxd4 Be7 12. h3 Nf5 13. a3 O-O 14. Bd3 Nxh4 15.
Nxh4 Kg7 16. b4 Bd6 17. Nb3 e5 18. g4 f5 19. Ng2 fxg4 20. hxg4 h5 21. gxh5 Qg5
22. f3 Bh3 23. Qd2 Qxh5 24. Be2 Bxg2 25. Kxg2 Qg5+ 26. Kf2 Qh4+ 27. Kg2 exd4
28. f4 dxe3 29. Qb2+ Rf6 30. Rf3 Rh8 31. Rg1 Bxf4 32. Nc5 Be5 33. Qc1 Qf2+ 0-1

[Event "VIII Open Primavera Vomero"]
[Site "Napoli ITA"]
[Date "2011.04.08"]
[Round "5"]
[White "Somma, Andrea"]
[Black "Gallina, Giacomo"]
[Result "0-1"]
[WhiteElo "1590"]
[BlackElo "1703"]
[PlyCount "100"]
[EventDate "2011.03.11"]

1. e4 d5 2. exd5 Nf6 3. d4 Qxd5 4. Nc3 Qd6 5. Nb5 Qd8 6. Bf4 Nd5 7. Qf3 c6 8.
Bc4 Na6 9. Nc3 Nab4 10. O-O-O Nf6 11. h3 Bf5 12. g4 Bxc2 13. Rd2 Bg6 14. a3
Nbd5 15. h4 Nxc3 16. bxc3 Be4 17. Qh3 Bxh1 18. Qxh1 Qa5 19. Qf3 e6 20. g5 Qxa3+
21. Kd1 Qa4+ 22. Ke1 Ne4 23. Qxe4 Qxc4 24. Ne2 Qd5 25. Ng3 a5 26. Qxd5 cxd5 27.
Rb2 O-O-O 28. Ne2 Bd6 29. Bc1 Ba3 30. Rb5 Bxc1 31. Nxc1 h6 32. f4 hxg5 33. hxg5
Rh1+ 34. Kd2 Rf1 35. Ne2 Ra1 36. Kc2 Ra2+ 37. Kd1 Kc7 38. c4 dxc4 39. Rc5+ Kd6
40. Rxc4 b5 41. Rc5 Rb8 42. Nc3 Ra1+ 43. Kc2 b4 44. Nb5+ Kd7 45. Rc7+ Kd8 46.
Rc5 Rc8 47. Kb3 Rxc5 48. dxc5 Kd7 49. Nd4 Rc1 50. c6+ Rxc6 0-1

[Event "VIII Open Primavera Vomero"]
[Site "Napoli ITA"]
[Date "2011.04.08"]
[Round "5"]
[White "Taurisano, Vincenzo"]
[Black "Borrelli, Salvatore"]
[Result "1-0"]
[WhiteElo "1858"]
[BlackElo "1973"]
[PlyCount "80"]
[EventDate "2011.03.11"]

1. d4 d5 2. c4 e6 3. Nf3 c6 4. Nc3 dxc4 5. a4 Bb4 6. Bd2 b5 7. e3 Bb7 8. Be2 a6
9. O-O Nf6 10. Ne5 Nbd7 11. Bf3 Bxc3 12. Bxc3 Nxe5 13. dxe5 Qxd1 14. Rfxd1 Nd5
15. Bd4 O-O 16. Bc5 Rfd8 17. Rd2 c3 18. Rd3 cxb2 19. Rad1 Re8 20. e4 Nc7 21.
Rd7 Rac8 22. Ba3 b1=Q 23. Rxb1 Red8 24. Rbd1 Rxd7 25. Rxd7 Ba8 26. Bd6 Ne8 27.
Ra7 c5 28. Kf1 c4 29. Ke1 b4 30. Bc5 b3 31. Ba3 Bc6 32. Rxa6 Bb7 33. Rb6 Rb8
34. Kd1 f6 35. a5 Ra8 36. Rxb7 Rxa5 37. Rxb3 Rxe5 38. Rc3 Ra5 39. Be2 Nc7 40.
f3 Nb5 1-0

[Event "VIII Open Primavera Vomero"]
[Site "Napoli ITA"]
[Date "2011.04.08"]
[Round "5"]
[White "Zinnai, Graziano Matteo"]
[Black "Rosato, Luciano"]
[Result "0-1"]
[WhiteElo "1807"]
[BlackElo "2278"]
[PlyCount "72"]
[EventDate "2011.03.11"]

1. e4 d6 2. d4 g6 3. Nf3 Bg7 4. c3 Nf6 5. Qc2 O-O 6. Nbd2 Nc6 7. Be2 e5 8. O-O
Nh5 9. dxe5 dxe5 10. Nc4 Nf4 11. Be3 b5 12. Na3 a6 13. Rad1 Qf6 14. Rfe1 g5 15.
g3 Nxe2+ 16. Qxe2 Bg4 17. Kg2 h6 18. h3 Be6 19. b3 Rfe8 20. c4 b4 21. Nc2 Bf8
22. Bd2 Qg6 23. g4 Rad8 24. Kg3 Bc8 25. h4 f6 26. hxg5 fxg5 27. Rh1 Nd4 28.
Ncxd4 exd4 29. e5 Bc5 30. Rh5 d3 31. Qe1 Rf8 32. Rh2 Bxg4 33. Kxg4 Qf5+ 34. Kh5
Qxf3+ 35. Kxh6 Rd7 36. Qh1 Rh7+ 0-1

[Event "VIII Open Primavera Vomero"]
[Site "Napoli ITA"]
[Date "2011.04.15"]
[Round "6"]
[White "Borrelli, Salvatore"]
[Black "Di Lorenzo, Beniamino"]
[Result "1-0"]
[WhiteElo "1973"]
[BlackElo "1386"]
[PlyCount "39"]
[EventDate "2011.03.11"]

1. d4 d5 2. Nf3 e6 3. e3 Nf6 4. Bd3 Nc6 5. b3 Be7 6. O-O O-O 7. Nbd2 b6 8. Bb2
Bb7 9. a3 Re8 10. Ne5 Bd6 11. f4 Bxe5 12. fxe5 Nd7 13. Bxh7+ Kxh7 14. Qh5+ Kg8
15. Qxf7+ Kh8 16. Rf3 Nf8 17. Rh3+ Nh7 18. Qg6 Kg8 19. Qxh7+ Kf7 20. Rf1+ 1-0

[Event "VIII Open Primavera Vomero"]
[Site "Napoli ITA"]
[Date "2011.04.15"]
[Round "6"]
[White "Caiazzo, Diego"]
[Black "Chiummo, Sergio"]
[Result "1/2-1/2"]
[WhiteElo "1863"]
[BlackElo "1937"]
[PlyCount "80"]
[EventDate "2011.03.11"]

1. Nf3 Nf6 2. b3 g6 3. Bb2 Bg7 4. g3 d6 5. Bg2 O-O 6. O-O c5 7. c4 Nc6 8. e3
Bf5 9. d3 Qc8 10. Nc3 Bh3 11. Qd2 Bxg2 12. Kxg2 e6 13. Ne4 Qd8 14. Rfd1 b6 15.
Nxf6+ Bxf6 16. d4 Qc7 17. d5 Bxb2 18. Qxb2 Ne7 19. e4 e5 20. Qd2 Kg7 21. Nxe5
dxe5 22. d6 Qb7 23. dxe7 Qxe7 24. Qd7 Qxd7 25. Rxd7 Rfd8 26. Rad1 Rxd7 27. Rxd7
Kf6 28. Kf3 Ke6 29. Rd5 a5 30. Ke3 a4 31. Rd3 h5 32. h4 f6 33. f3 Ke7 34. f4
axb3 35. axb3 Ra1 36. Kf2 exf4 37. gxf4 Rh1 38. Kg3 Rg1+ 39. Kf3 Rf1+ 40. Kg3
Rg1+ 1/2-1/2

[Event "VIII Open Primavera Vomero"]
[Site "Napoli ITA"]
[Date "2011.04.15"]
[Round "6"]
[White "Condorelli, Pietro"]
[Black "Accardo, Francesco"]
[Result "1/2-1/2"]
[WhiteElo "1512"]
[BlackElo "1845"]
[PlyCount "42"]
[EventDate "2011.03.11"]

1. e4 e6 2. d4 a6 3. Nd2 c5 4. Ngf3 b5 5. b3 Bb7 6. Bb2 Nf6 7. Bd3 Qa5 8. O-O
Nc6 9. Re1 cxd4 10. Nxd4 Ne5 11. Bf1 h5 12. Nxe6 Neg4 13. Nd4 Bc5 14. e5 Qc7
15. exf6+ Kd8 16. g3 gxf6 17. Bg2 d5 18. h3 Ne5 19. N4f3 Nd7 20. Nh4 Qxg3 21.
Qf3 Qxh4 1/2-1/2

[Event "VIII Open Primavera Vomero"]
[Site "Napoli ITA"]
[Date "2011.04.15"]
[Round "6"]
[White "Cosenza, Gianni"]
[Black "Zinnai, Graziano Matteo"]
[Result "0-1"]
[WhiteElo "1959"]
[BlackElo "1807"]
[PlyCount "86"]
[EventDate "2011.03.11"]

1. e4 c6 2. d4 d5 3. exd5 cxd5 4. Bd3 Nf6 5. Bf4 Bg4 6. Qd2 Nc6 7. c3 e6 8. Ne2
Nh5 9. Bg3 Bxe2 10. Qxe2 Nxg3 11. hxg3 h6 12. Nd2 Be7 13. Qg4 Bf6 14. f4 Qb6
15. Rb1 O-O-O 16. Nf3 Qa5 17. O-O h5 18. Qh3 Qb6 19. b4 Rdg8 20. b5 Na5 21. Ne5
Bxe5 22. fxe5 Qc7 23. Rbc1 Nc4 24. Bxc4 dxc4 25. Rf2 Rf8 26. Qh4 Qa5 27. Qe7
Qxb5 28. Rxf7 Rxf7 29. Qxf7 Qd7 30. Qf3 g5 31. Rb1 h4 32. g4 Rh7 33. Rb4 Qd5
34. Qf8+ Kc7 35. Qg8 Rd7 36. Qxg5 a5 37. Rb2 Qe4 38. Qf6 Qe1+ 39. Kh2 Qg3+ 40.
Kg1 Qxc3 41. Rf2 Qxd4 42. Qxh4 c3 43. Qg3 Rf7 0-1

[Event "VIII Open Primavera Vomero"]
[Site "Napoli ITA"]
[Date "2011.04.15"]
[Round "6"]
[White "De Meo, Guido"]
[Black "Angelotti, Mario"]
[Result "1-0"]
[WhiteElo "1851"]
[BlackElo "1820"]
[PlyCount "73"]
[EventDate "2011.03.11"]

1. d4 Nf6 2. Nf3 g6 3. g3 Bg7 4. Bg2 c5 5. O-O cxd4 6. Nxd4 O-O 7. e4 Nc6 8. c3
a6 9. Be3 Qc7 10. Na3 d6 11. h3 Bd7 12. Nac2 h5 13. Qd2 Qc8 14. Kh2 Ne5 15. b3
Rb8 16. f4 Nc6 17. Rac1 e5 18. Ne2 Qc7 19. Rfd1 exf4 20. Bxf4 Ne5 21. Qxd6 Rbc8
22. Qxc7 Rxc7 23. Bxe5 Ng4+ 24. hxg4 Bxe5 25. Ne3 hxg4 26. Nd5 Kg7 27. Nxc7
Rh8+ 28. Kg1 Bc6 29. Nd5 Bb8 30. c4 Ba7+ 31. c5 Bb5 32. Nd4 Bd7 33. e5 Rd8 34.
b4 Bb8 35. Re1 Bc6 36. Nxc6 bxc6 37. Ne7 1-0

[Event "VIII Open Primavera Vomero"]
[Site "Napoli ITA"]
[Date "2011.04.15"]
[Round "6"]
[White "Esposito, Pino"]
[Black "Lombardo, Michele"]
[Result "0-1"]
[WhiteElo "1859"]
[BlackElo "2030"]
[PlyCount "110"]
[EventDate "2011.03.11"]

1. Nf3 g6 2. d4 Bg7 3. c4 Nf6 4. Nc3 d6 5. e4 O-O 6. Bd3 e5 7. d5 Nh5 8. Ng1
Nf4 9. g3 Nxd3+ 10. Qxd3 f5 11. f3 Na6 12. Be3 f4 13. Bd2 Nc5 14. Qc2 a5 15. b3
h5 16. O-O-O Qf6 17. Nb5 Qd8 18. Kb1 Bd7 19. Be1 b6 20. Nc3 Bf6 21. Bd2 Kg7 22.
Rf1 Bg5 23. Nd1 Rf7 24. Nf2 fxg3 25. hxg3 Qe7 26. Nfh3 Bxd2 27. Qxd2 Nxe4 28.
Qg2 Raf8 29. Re1 Ng5 30. Nxg5 Qxg5 31. Ka1 Qf6 32. Qb2 a4 33. b4 b5 34. c5 Bf5
35. Rh2 Bd3 36. Rc2 Bc4 37. Rd2 Qg5 38. f4 Qxg3 39. fxe5 Rf2 40. Ne2 Qxe5 41.
Qxe5+ dxe5 42. Nc3 R2f3 43. d6 cxd6 44. cxd6 Rxc3 45. d7 Rh8 46. d8=Q Rxd8 47.
Rxd8 Rc2 48. a3 Ra2+ 49. Kb1 Rxa3 50. Rxe5 h4 51. Re7+ Kf6 52. Rh7 Kg5 53. Rd4
h3 54. Rhh4 Rg3 55. Kc1 a3 0-1

[Event "VIII Open Primavera Vomero"]
[Site "Napoli ITA"]
[Date "2011.04.15"]
[Round "6"]
[White "Franzese, Luigi"]
[Black "Esposito, Rosario"]
[Result "0-1"]
[WhiteElo "1890"]
[BlackElo "1833"]
[PlyCount "153"]
[EventDate "2011.03.11"]

1. e4 c5 2. Nf3 e6 3. d4 cxd4 4. Nxd4 Nc6 5. Nxc6 bxc6 6. Nc3 Qc7 7. Be2 Bb4 8.
O-O Nf6 9. Bf3 e5 10. Ne2 Be7 11. c4 O-O 12. Ng3 d6 13. Bg5 Rb8 14. Qc2 h6 15.
Be3 Nh7 16. Rfd1 Ng5 17. Be2 Be6 18. f4 exf4 19. Bxf4 Qb6+ 20. c5 Qxb2 21. Qxb2
Rxb2 22. cxd6 Bf6 23. e5 Bd8 24. Rd2 Rxd2 25. Bxd2 Bb6+ 26. Kh1 Bd4 27. Rd1
Bxe5 28. Bxg5 hxg5 29. Ne4 Rd8 30. a4 Bd5 31. Nxg5 Bxd6 32. Bf3 Bb3 33. Rb1
Bxa4 34. Ra1 Rb8 35. g3 Rb4 36. Rc1 Rb6 37. Ne4 Bf8 38. Ra1 Bc2 39. Rxa7 Rb1+
40. Kg2 Rb2 41. Kh3 Bd3 42. Ra1 c5 43. Rc1 c4 44. Nc3 Rc2 45. Rxc2 Bxc2 46. Kg2
Bb3 47. Kf1 Bb4 48. Nd5 Ba5 49. Be4 c3 50. Ne3 g6 51. Ke2 Bb6 52. Nc2 Bg1 53.
h3 Bb6 54. g4 Kg7 55. Kd3 Ba5 56. Na1 Ba4 57. Nc2 Kf6 58. Ke3 Ke5 59. Kf3 Bb5
60. Na3 Be2+ 61. Kxe2 Kxe4 62. Nc2 Bb6 63. Nb4 Bc5 64. Nd3 Be3 65. Ne1 Bd2 66.
Nc2 Kf4 67. Kf2 f6 68. Na3 Be3+ 69. Ke2 Bc5 70. Nc2 Kg3 71. Kd3 Kxh3 72. g5 f5
73. Kxc3 Be7 74. Kd4 Bxg5 75. Kd3 Kg3 76. Nd4 f4 77. Nf3 0-1

[Event "VIII Open Primavera Vomero"]
[Site "Napoli ITA"]
[Date "2011.04.15"]
[Round "6"]
[White "Gallina, Giacomo"]
[Black "Improta, Giovanni"]
[Result "1-0"]
[WhiteElo "1703"]
[BlackElo "1859"]
[PlyCount "63"]
[EventDate "2011.03.11"]

1. e4 Nf6 2. Nc3 d5 3. e5 d4 4. Nb5 Ng4 5. Nf3 c5 6. h3 Nh6 7. a4 a6 8. Na3 Nc6
9. Bc4 g6 10. O-O Bg7 11. d3 O-O 12. Re1 Kh8 13. Bf4 e6 14. Nb1 Nf5 15. Nbd2
Nfe7 16. Ne4 Nd5 17. Bg3 f5 18. exf6 Nxf6 19. Nxc5 Nh5 20. Bh4 Qb6 21. Nxe6
Bxe6 22. Rxe6 Rae8 23. Rxe8 Rxe8 24. Ng5 Nd8 25. Bb3 Nf4 26. Ne4 h6 27. Qg4
Nxd3 28. cxd3 Qxb3 29. Qxg6 Re6 30. Bf6 Bxf6 31. Nxf6 Re7 32. Qxh6+ 1-0

[Event "VIII Open Primavera Vomero"]
[Site "Napoli ITA"]
[Date "2011.04.15"]
[Round "6"]
[White "Marturano, Giampiero"]
[Black "Casale, Antonio"]
[Result "1-0"]
[WhiteElo "2068"]
[BlackElo "1802"]
[PlyCount "63"]
[EventDate "2011.03.11"]

1. e4 c5 2. d4 cxd4 3. c3 dxc3 4. Nxc3 Nc6 5. Nf3 e6 6. Bc4 a6 7. O-O Nge7 8.
Bg5 Qa5 9. Qe2 h6 10. Bd2 Qc7 11. Rac1 Ng6 12. Rfe1 d6 13. Nd5 Qd8 14. Ne3 Be7
15. Bc3 O-O 16. Red1 Qc7 17. Bb3 Bd7 18. g3 Rac8 19. h4 Rfd8 20. h5 Nf8 21. Nh4
Nh7 22. Ng4 b5 23. Nxh6+ gxh6 24. Qg4+ Ng5 25. f4 Qb6+ 26. Kg2 Na5 27. fxg5
hxg5 28. Ng6 fxg6 29. Bxe6+ Bxe6 30. Qxe6+ Kf8 31. hxg6 Ke8 32. g7 1-0

[Event "VIII Open Primavera Vomero"]
[Site "Napoli ITA"]
[Date "2011.04.15"]
[Round "6"]
[White "Petteruti, Antonio"]
[Black "Somma, Andrea"]
[Result "0-1"]
[WhiteElo "1485"]
[BlackElo "1590"]
[PlyCount "46"]
[EventDate "2011.03.11"]

1. d4 d5 2. Nf3 Nf6 3. Bf4 Bf5 4. e3 h6 5. h3 e6 6. Be2 Be7 7. O-O O-O 8. a3
Nbd7 9. c4 c6 10. Nc3 Ne4 11. Nxe4 dxe4 12. Ne5 Bh7 13. c5 Nxe5 14. Bxe5 f5 15.
b4 Bg5 16. Qb3 Qd7 17. Bd6 Rf6 18. f4 exf3 19. Rxf3 Bg6 20. Rff1 Bf7 21. Be5
Rg6 22. Bh5 Qd5 23. Qc3 Bxe3+ 0-1

[Event "VIII Open Primavera Vomero"]
[Site "Napoli ITA"]
[Date "2011.04.15"]
[Round "6"]
[White "Rosato, Luciano"]
[Black "Taurisano, Vincenzo"]
[Result "1-0"]
[WhiteElo "2278"]
[BlackElo "1858"]
[PlyCount "99"]
[EventDate "2011.03.11"]

1. Nf3 d5 2. g3 Nf6 3. Bg2 e6 4. O-O c5 5. d3 Nc6 6. Nbd2 b6 7. e4 Bb7 8. c3
Be7 9. e5 Nd7 10. d4 O-O 11. Re1 cxd4 12. cxd4 Rc8 13. a3 a6 14. Bf1 b5 15. Bd3
Na5 16. b4 Nc4 17. Nb3 Re8 18. h4 Nf8 19. Ra2 f6 20. exf6 Bxf6 21. Nc5 Qb6 22.
Rae2 Rc7 23. Bf4 Rce7 24. Qb3 Nd7 25. Ng5 Nf8 26. Qc3 Bc8 27. Bb1 h6 28. Nf3 a5
29. Qd3 axb4 30. axb4 Ra7 31. Ne5 Bxe5 32. Bxe5 Ra3 33. Qd1 Qa7 34. Rc2 Qf7 35.
Qg4 Re7 36. Rce2 Qf3 37. Qxf3 Rxf3 38. Ra2 Ra3 39. Rxa3 Nxa3 40. Bd3 Nc4 41.
Ra1 Kf7 42. Ra8 Bd7 43. Kf1 Ng6 44. Bxg6+ Kxg6 45. Ra7 Nxe5 46. dxe5 Kf5 47.
Rxd7 Rxd7 48. Nxd7 Ke4 49. Ke2 Kd4 50. f4 1-0

[Event "VIII Open Primavera Vomero"]
[Site "Napoli ITA"]
[Date "2011.04.15"]
[Round "6"]
[White "Russo Spena, Vincenzo"]
[Black "Sgammato, Francesco"]
[Result "0-1"]
[WhiteElo "1409"]
[BlackElo "1689"]
[PlyCount "80"]
[EventDate "2011.03.11"]

1. Nf3 d5 2. g3 c6 3. Bg2 Nf6 4. O-O g6 5. d3 Bg7 6. Nbd2 O-O 7. e4 dxe4 8.
Nxe4 Bg4 9. Nxf6+ Bxf6 10. h3 Bxf3 11. Qxf3 Bg7 12. Rb1 Nd7 13. Re1 e6 14. b4
Qb6 15. Be3 Qa6 16. c4 Qxa2 17. Ra1 Bxa1 18. Rd1 Bg7 19. Rd2 Qb1+ 20. Rd1 Qxb4
21. Bf1 a5 22. d4 a4 23. c5 Qb3 24. Bd3 Nf6 25. Qe2 Qd5 26. Bc4 Qh5 27. Qf1 Nd5
28. Be2 Qf5 29. Bd3 Nxe3 30. Qe2 Qxh3 31. Qxe3 Qh6 32. f4 Qh5 33. Be2 Qd5 34.
Bf3 Qb3 35. Rd3 Qb2 36. Rd2 Qb4 37. Qf2 Rfd8 38. Kf1 Rxd4 39. Rb2 Rd1+ 40. Bxd1
Qxb2 0-1

[Event "VIII Open Primavera Vomero"]
[Site "Napoli ITA"]
[Date "2011.04.15"]
[Round "6"]
[White "Supino, Domenico"]
[Black "Di Meo, Antonio"]
[Result "1-0"]
[WhiteElo "2109"]
[BlackElo "1972"]
[PlyCount "37"]
[EventDate "2011.03.11"]

1. e4 c6 2. d4 d5 3. Nc3 dxe4 4. Nxe4 Bf5 5. Ng3 Bg6 6. h4 h6 7. Nf3 Nd7 8. h5
Bh7 9. Bd3 Bxd3 10. Qxd3 Qc7 11. Bd2 e6 12. O-O-O O-O-O 13. Ne4 c5 14. Qa3 Kb8
15. dxc5 Rc8 16. g3 f5 17. Bf4 e5 18. Rxd7 Qxd7 19. Nxe5 1-0

[Event "VIII Open Primavera Vomero"]
[Site "Napoli ITA"]
[Date "2011.04.29"]
[Round "7"]
[White "Chiummo, Sergio"]
[Black "Taurisano, Vincenzo"]
[Result "1-0"]
[WhiteElo "1937"]
[BlackElo "1858"]
[PlyCount "49"]
[EventDate "2011.03.11"]

1. Nf3 d5 2. g3 Nf6 3. Bg2 e6 4. O-O c5 5. d3 Nc6 6. Nbd2 Be7 7. e4 O-O 8. c3
Qc7 9. Re1 b6 10. e5 Nd7 11. d4 Ba6 12. Nf1 c4 13. Bf4 b5 14. a3 Nb6 15. Ne3
Rfd8 16. Qe2 Bb7 17. h4 a5 18. Nh2 b4 19. Nhg4 bxc3 20. bxc3 a4 21. Nf6+ Bxf6
22. exf6 Qd7 23. Ng4 Nc8 24. fxg7 Kxg7 25. Bh6+ 1-0

[Event "VIII Open Primavera Vomero"]
[Site "Napoli ITA"]
[Date "2011.04.29"]
[Round "7"]
[White "Condorelli, Pietro"]
[Black "Cosenza, Gianni"]
[Result "0-1"]
[WhiteElo "1512"]
[BlackElo "1959"]
[PlyCount "87"]
[EventDate "2011.03.11"]

1. e4 e6 2. d4 d5 3. Nd2 Nf6 4. e5 Nfd7 5. Bd3 c5 6. c3 Nc6 7. Ne2 cxd4 8. cxd4
f6 9. exf6 Nxf6 10. Nf3 Bb4+ 11. Bd2 Bd6 12. O-O Qc7 13. Bg5 O-O 14. Ng3 Qb6
15. Bxf6 gxf6 16. Qd2 Qc7 17. Nh5 Qf7 18. Ng3 Bd7 19. h3 Kh8 20. Qh6 Nb4 21.
Be2 Qg6 22. Qh4 Rg8 23. a3 Nc6 24. Rad1 Raf8 25. Bd3 f5 26. Qh5 Bxg3 27. Qxg6
Bxf2+ 28. Rxf2 Rxg6 29. Rdf1 Rfg8 30. b4 Rg3 31. Bb5 Rxh3 32. Be2 Rhg3 33. b5
Na5 34. a4 Be8 35. Ne5 Nb3 36. Rd1 Re3 37. Nf3 Bh5 38. Kf1 Rc8 39. Ne5 Bxe2+
40. Rxe2 Rxe2 41. Kxe2 Rc2+ 42. Kf3 Ra2 43. Rb1 Nxd4+ 44. Kg3 0-1

[Event "VIII Open Primavera Vomero"]
[Site "Napoli ITA"]
[Date "2011.04.29"]
[Round "7"]
[White "Di Meo, Antonio"]
[Black "Gallina, Giacomo"]
[Result "1-0"]
[WhiteElo "1972"]
[BlackElo "1703"]
[PlyCount "63"]
[EventDate "2011.03.11"]

1. b3 e5 2. Bb2 d6 3. e3 Nc6 4. c4 Bf5 5. Nc3 Qd7 6. d3 Bg4 7. Be2 f5 8. a3 Nf6
9. h3 Bxe2 10. Ngxe2 Be7 11. Qc2 a6 12. O-O-O d5 13. cxd5 Nxd5 14. d4 e4 15.
Nxd5 Qxd5 16. Nf4 Qd6 17. h4 O-O-O 18. Kb1 Rd7 19. Rc1 Bf6 20. Nh5 Bd8 21. Qc3
Rg8 22. Qc5 Qe6 23. Ka2 Rd5 24. Qc3 Qf7 25. Nf4 Rb5 26. d5 Na5 27. b4 Bf6 28.
Qc2 Bxb2 29. Kxb2 Kb8 30. Ka1 Qf6+ 31. Qc3 Qxc3+ 32. Rxc3 1-0

[Event "VIII Open Primavera Vomero"]
[Site "Napoli ITA"]
[Date "2011.04.29"]
[Round "7"]
[White "Esposito, Rosario"]
[Black "Supino, Domenico"]
[Result "1/2-1/2"]
[WhiteElo "1833"]
[BlackElo "2109"]
[PlyCount "89"]
[EventDate "2011.03.11"]

1. d4 d5 2. c4 c6 3. Nf3 e6 4. Nc3 Nf6 5. Bg5 Nbd7 6. cxd5 exd5 7. e3 Be7 8.
Bd3 h6 9. Bh4 O-O 10. O-O Ne4 11. Bxe7 Qxe7 12. Qc2 f5 13. Rae1 g5 14. Nd2 Ndf6
15. f3 Nxd2 16. Qxd2 Qd6 17. Bb1 Be6 18. e4 dxe4 19. fxe4 fxe4 20. Rxf6 Rxf6
21. Nxe4 Qf4 22. Nxf6+ Qxf6 23. Rf1 Qg7 24. Re1 Bd5 25. Re5 Rf8 26. Qe3 Bc4 27.
Re8 Qf6 28. Rxf8+ Kxf8 29. Qf2 Ke7 30. Qxf6+ Kxf6 31. Kf2 Ke6 32. Ke3 a5 33. a3
Bf1 34. Be4 Bc4 35. g3 Bd5 36. Bd3 Kd6 37. Be2 Bg2 38. Bd3 Kd5 39. Be2 Be4 40.
Bf1 Bc2 41. Be2 Bb3 42. Bf3+ Kd6 43. Be2 a4 44. Bd3 b5 45. Be2 1/2-1/2

[Event "VIII Open Primavera Vomero"]
[Site "Napoli ITA"]
[Date "2011.04.29"]
[Round "7"]
[White "Ficco, Corrado"]
[Black "Caiazzo, Diego"]
[Result "1-0"]
[WhiteElo "2130"]
[BlackElo "1863"]
[PlyCount "43"]
[EventDate "2011.03.11"]

1. e4 e6 2. d4 d5 3. Nc3 dxe4 4. Nxe4 Nd7 5. Bd3 Ngf6 6. Qe2 Be7 7. Bf4 Nd5 8.
Bd2 Nb4 9. Bxb4 Bxb4+ 10. c3 Be7 11. Nf3 Nf6 12. O-O-O Qd5 13. Kb1 Bd7 14. Ne5
Qa5 15. Nxf6+ Bxf6 16. Nxd7 Kxd7 17. d5 e5 18. Bb5+ Ke7 19. f4 Kd6 20. Rhe1
exf4 21. b4 Qb6 22. Qe6+ 1-0

[Event "VIII Open Primavera Vomero"]
[Site "Napoli ITA"]
[Date "2011.04.29"]
[Round "7"]
[White "Improta, Giovanni"]
[Black "De Meo, Guido"]
[Result "0-1"]
[WhiteElo "1859"]
[BlackElo "1851"]
[PlyCount "80"]
[EventDate "2011.03.11"]

1. e4 c5 2. Nf3 Nc6 3. c4 d6 4. Nc3 g6 5. d4 cxd4 6. Nxd4 Bg7 7. Be3 Nf6 8. Be2
O-O 9. h4 h5 10. Qd2 Ng4 11. Nxc6 bxc6 12. Bf4 Qb6 13. O-O Be6 14. b3 Rfd8 15.
Bxg4 Bxg4 16. Be3 Qa5 17. Rac1 d5 18. Bh6 dxe4 19. Qe3 Bxc3 20. Qxc3 Qxc3 21.
Rxc3 Rd3 22. Rxd3 exd3 23. f3 Bf5 24. Bg5 f6 25. Be3 a5 26. Rd1 e5 27. g4 hxg4
28. fxg4 Be4 29. Bb6 f5 30. Bc7 Re8 31. gxf5 Bxf5 32. Bxa5 e4 33. Kf2 Ra8 34.
b4 c5 35. a3 cxb4 36. axb4 Kf7 37. Ke3 Rh8 38. Rh1 Ke6 39. c5 Kd5 40. Kf4 Re8
0-1